Il primo anno di latino per le scuole medie di primo grado (ginnasio inferiore, istituto tecnico inferiore, istituto magistrale inferiore) : grammatica, esercizi di traduzione e di vocabolario, nozioni di storia e civiltà romana

Gespeichert in:
Bibliographische Detailangaben
1. Verfasser: Tommasino, Giuseppe (VerfasserIn)
Format: Buch
Sprache:Italienisch
Erschienen: L'Aquila : Vecchioni 1926
Katalog:EDISCO:  Suchergebnis im Bibliothekskatalog
Schulbuchspezifische Eigenschaften:
Schriftenreihe:Collezione di testi per la scuola
Schlagworte:
Tags: Tag hinzufügen
Keine Tags, Fügen Sie den ersten Tag hinzu!
Hinzugefügt zu:30.04.2016
Geändert in:18.10.2017

MARC

LEADER 00000aam a22000001 4500
001 00708
003 OSt
005 20171018093251.0
008 160501s1926 it 000 0 ita
040 |c Antonio Parlati - L'Acquila 
041 1 |a ita 
100 1 |a Tommasino, Giuseppe  |e Author  |9 688 
245 0 0 |a Il primo anno di latino per le scuole medie di primo grado (ginnasio inferiore, istituto tecnico inferiore, istituto magistrale inferiore) :   |b grammatica, esercizi di traduzione e di vocabolario, nozioni di storia e civiltà romana /  |c Giuseppe Tommasino 
260 |a L'Aquila :  |b Vecchioni  |c 1926 
300 |a 253 p., 1/1 ;   |c in 8° 
440 |a Collezione di testi per la scuola  |9 689 
650 4 |a Latino  |9 14 
655 |a Manuale  |9 9 
690 4 |a Secondaria inferiore  |9 97 
901 |a 1 
942 |2 ddc  |c BK 
546 |a ita 
999 |c 698  |d 698 
999 |c edisco:698  |d 698